000 00804nam a2200181Ia 4500
008 100920s9999 xx 000 0 und d
082 _b56510
_a150 थ 89
100 _aप्रधान नंदकुमार.
245 _aसुखशांतीचा सुलभ सोपान योगनिद्रा (भाग 1 व 2).
260 _bअंजली पब्लिशिंग हाऊस, पुणे 30.
_c1989
300 _a92
_bसाधी
365 _b10
520 _aशाउ.
630 _aसुखशांतीचा सुलभ सोपान योगनिद्रा (भाग 1 व 2).
650 _aशाउ.
730 _aसुखशांतीचा सुलभ सोपान योगनिद्रा (भाग 1 व 2).
942 _cBOOK
999 _c700580
_d700577